000 00749nam a2200289Ia 4500
005 20260324122559.0
008 008 260324s9999 xx 000 0 eng d
020 _a9780429253607
037 _aEBOOK
040 _aCRL
040 _beng
040 _cCRL
041 _2eng
041 _aeng
084 _qCRL
100 _aIan Roberge; David K. Jesuit; Denita Cepiku
_91167001
245 0 _aMaking Multilevel Public Management Work
245 0 _bStories of Success and Failure from Europe and North America
260 _bTaylor and Francis
260 _c2013
365 _a
365 _b135
856 _uhttp://www.taylorfrancis.com/books/9780429253607
942 _cEBOOK
999 _c1759852
_d1759852